| 000 | 00800nam a2200181 u 4500 | ||
|---|---|---|---|
| 001 | 000340899 | ||
| 003 | AM-YeHGA | ||
| 005 | 20250617131048.0 | ||
| 008 | 040604s1972 ||||||||||||||||||||rus d | ||
| 040 | _aAM-YeHGA | ||
| 041 | 0 | _arus | |
| 110 | 1 |
_aАрмянский СССР _bВерховный Совет _n(3 сессия. 8 созыва _d15-16 июня 1972 г.) |
|
| 245 | 1 | 0 |
_aЗаседания Верховного Совета Армянской СССР, третья сессия, восьмого созыва, (15-16 июня 1972 г). : _bСтенографический отчет. |
| 260 |
_aЕреван : _bИзд. Верховного Совета Арм. ССР, _c1972. |
||
| 300 | _a265 с.. | ||
| 650 | 1 | 4 | _aЗаконодательные собрания |
| 090 | _c130683 | ||
| 999 |
_c129319 _d129319 |
||